La crítica literaria francesa

שמור ב:
מידע ביבליוגרפי
מחבר ראשי: Carloni, J.C. et al
פורמט: ספר
שפה:Undetermined
יצא לאור: Buenos Aires, Argentina EUDEBA 1968
נושאים:
תגים: הוספת תג
אין תגיות, היה/י הראשונ/ה לתייג את הרשומה!

MARC

LEADER 00000nam a2200000Ia 4500
008 170316s9999 xx 000 0 und d
090 |a 801 C-10c 
100 |a Carloni, J.C. et al. 
245 |a La crítica literaria francesa 
260 |a Buenos Aires, Argentina 
260 |b EUDEBA 
260 |c 1968 
300 |a 131 páginas 
650 |a TEORÍA LITERARIA 
650 |a CRÍTICA LITERARIA 
650 |a SAINTE-BREUVE 
650 |a IMRESIONISMO 
650 |a ERUDICION 
999 |c 20147  |d 20147 
040 |a cru BVZT 
942 |c 15 D  |h 801 C-10c  |2 z